00651nam a2200181 a 4500008004100000050002200041100001500063245009900078260003700177300002000214350000900234490004800243500001500291650002200306650003400328710004700362710006000409090617s1960 ||||||||||||||||| || u aGOV.ZAM(02)1960/3 aGair, H. S14aThe Karroo system of the western end of the Luano ValleycMinistry of Mines. Geological Survey aLusakabGovernment Printerc1960 aiii, 40p.: ill. a0.00 aNorthern Rhodesia Geological Survey Reports aNRGSR no.6 aKARROO SUPERGROUP aGEOLOGY--LUANO VALLEY--ZAMBIA aGovernment of the Republic of Zambia (GRZ) aGovernment of the Republic of Zambia. Ministry of Mines